[Event "Titled Tue 10th Jun Early"]
[Site "chess.com INT"]
[Date "2025.06.10"]
[Round "1"]
[White "Castillo Pena, Patricia Evarista"]
[Black "Bournel, Antoine"]
[Result "0-1"]
[WhiteTitle "WFM"]
[BlackTitle "IM"]
[WhiteElo "1909"]
[BlackElo "2423"]
[WhiteFideId "6412106"]
[BlackFideId "26093553"]
[EventDate "2025.06.10"]

1. d4 d6 2. Nf3 g6 3. Nc3 Bg7 4. e4 a6 5. Be3 b5 6. a3 Bb7 7. Qd2 Nd7 8. O-O-O
Rc8 9. h4 h6 10. h5 g5 11. Be2 c5 12. d5 Ngf6 13. e5 Ng4 14. exd6 exd6 15. Ne4
Qc7 16. Nfxg5 Nxe3 17. Qxe3 O-O 18. Bd3 c4 19. Nc3 cxd3 20. Qxd3 hxg5 21. h6
Bxc3 22. bxc3 Qxc3 23. h7+ Kh8 24. Qd4+ Qxd4 25. Rxd4 Ne5 26. Rh6 f6 27. f4 gxf4
28. Rxf4 Nd3+ 0-1

[Event "Titled Tue 10th Jun Early"]
[Site "chess.com INT"]
[Date "2025.06.10"]
[Round "1"]
[White "Lopez Abreu, Michel Samuel"]
[Black "Lai, Duc Minh"]
[Result "0-1"]
[WhiteTitle "FM"]
[WhiteElo "2038"]
[BlackElo "2072"]
[WhiteFideId "3927903"]
[BlackFideId "12420387"]
[EventDate "2025.06.10"]

1. d4 Nf6 2. Nf3 e6 3. Bf4 c5 4. c3 Be7 5. e3 b6 6. Be2 Ba6 7. Bxa6 Nxa6 8. O-O
Qc8 9. Nbd2 O-O 10. h3 d6 11. Qe2 cxd4 12. exd4 Qb7 13. Rfe1 Nc7 14. Ne4 Nxe4
15. Qxe4 Qxe4 16. Rxe4 Nd5 17. Bg3 Rfc8 18. Rae1 b5 19. a3 a5 20. Nd2 Nb6 21.
R4e3 Na4 22. Rb1 d5 23. f4 g6 24. Be1 Bd6 25. g3 b4 26. axb4 axb4 27. Nf3 Rab8
28. Ne5 bxc3 29. b3 c2 30. Rc1 Ba3 31. Bd2 Bxc1 32. Bxc1 Nc3 33. Kf1 Na2 34. Re1
Rxb3 0-1

[Event "Titled Tue 10th Jun Early"]
[Site "chess.com INT"]
[Date "2025.06.10"]
[Round "1"]
[White "Vandan Alankar Sawai"]
[Black "Jimenez Fernandez, Rebeca"]
[Result "1-0"]
[WhiteTitle "CM"]
[BlackTitle "WFM"]
[WhiteElo "1955"]
[BlackElo "2154"]
[WhiteFideId "25973096"]
[BlackFideId "32070934"]
[EventDate "2025.06.10"]

1. e4 e5 2. Nf3 Nc6 3. Bc4 Nf6 4. d3 Bc5 5. c3 a6 6. Bb3 Ba7 7. Nbd2 d6 8. h3 h6
9. Nf1 Be6 10. Ng3 Qd7 11. Nh4 g6 12. Nf3 O-O-O 13. Bc2 d5 14. Qe2 Kb8 15. Bd2
Qe7 16. Ba4 b5 17. Bb3 dxe4 18. dxe4 Nd7 19. Bd5 Na5 20. Bxe6 Qxe6 21. b3 Nc5
22. O-O Nd3 23. Be3 Nf4 24. Bxa7+ Kxa7 25. Qe3+ Qb6 26. Rfd1 Rxd1+ 27. Rxd1 Re8
28. Kf1 Nb7 29. Nxe5 Qxe3 30. fxe3 Nxg2 31. Kxg2 Rxe5 32. Rd7 Kb6 33. Rxf7 1-0

[Event "Titled Tue 10th Jun Early"]
[Site "chess.com INT"]
[Date "2025.06.10"]
[Round "1"]
[White "Ohanyan, Emin"]
[Black "Garcia, Erick"]
[Result "1-0"]
[WhiteTitle "GM"]
[WhiteElo "2491"]
[BlackElo "2135"]
[WhiteFideId "13312022"]
[BlackFideId "2058880"]
[EventDate "2025.06.10"]

1. e4 e5 2. Nf3 Nc6 3. Bc4 Bc5 4. c3 Nf6 5. d4 exd4 6. e5 d5 7. Bb5 Ne4 8. cxd4
Bb6 9. Nc3 Bg4 10. Be3 O-O 11. h3 Bh5 12. Rc1 Ba5 13. O-O Nxc3 14. bxc3 Ne7 15.
g4 Bg6 16. Nh4 c6 17. Be2 b5 18. Nxg6 fxg6 19. f4 Qd7 20. Kg2 a6 21. Qd3 Nc8 22.
h4 Nb6 23. Rcd1 Nc4 24. Bc1 Bd8 25. Rh1 Be7 26. Rdf1 a5 27. f5 gxf5 28. gxf5 Ba3
29. Bxa3 Nxa3 30. h5 Nc4 31. h6 Rxf5 32. Rxf5 Qxf5 33. Qxf5 Ne3+ 34. Kf3 Nxf5
35. hxg7 Nxg7 36. Bd3 Rf8+ 37. Ke3 Nf5+ 38. Bxf5 Rxf5 39. Rh6 Rg5 40. Rxc6 Rg3+
41. Kf4 Rg2 42. Kf5 Kf7 43. Rc7+ Ke8 44. Ke6 Rg6+ 45. Kxd5 b4 46. cxb4 axb4 47.
Rxh7 Ra6 48. Rb7 Rxa2 49. Rxb4 Ra6 50. Ke4 1-0

[Event "Titled Tue 10th Jun Early"]
[Site "chess.com INT"]
[Date "2025.06.10"]
[Round "1"]
[White "Maghsoodloo, Parham"]
[Black "Bold, Andre"]
[Result "1-0"]
[WhiteTitle "GM"]
[BlackTitle "CM"]
[WhiteElo "2691"]
[BlackElo "2235"]
[WhiteFideId "12539929"]
[BlackFideId "16208471"]
[EventDate "2025.06.10"]

1. d4 d5 2. c4 c6 3. Nc3 Nf6 4. Nf3 a6 5. c5 g6 6. Bf4 Nh5 7. Bd2 Bg7 8. Qb3 O-O
9. Rd1 Nd7 10. g4 Nhf6 11. h3 Ne4 12. Bf4 Qa5 13. Qa4 Qxa4 14. Nxa4 Re8 15. e3
f6 16. Bc7 e5 17. Be2 Ng5 18. Nxg5 fxg5 19. dxe5 Bxe5 20. Bxe5 Nxe5 21. Rd4 Be6
22. Rf1 Rad8 23. Kd2 Nd7 24. b4 Nf6 25. Nc3 Ne4+ 26. Nxe4 dxe4 27. a4 Bb3 28.
Ra1 Kf7 29. b5 axb5 30. axb5 Bd5 31. Ra7 Re7 32. Bc4 Red7 33. Kc3 Bxc4 34. Rxd7+
Rxd7 35. bxc6 Rd3+ 36. Kxc4 1-0

[Event "Titled Tue 10th Jun Early"]
[Site "chess.com INT"]
[Date "2025.06.10"]
[Round "1"]
[White "Wartiovaara, Oliver"]
[Black "Subervi, Jonathan Sigfredo"]
[Result "1-0"]
[WhiteTitle "FM"]
[BlackTitle "FM"]
[WhiteElo "2323"]
[BlackElo "2059"]
[WhiteFideId "513024"]
[BlackFideId "6400345"]
[EventDate "2025.06.10"]

1. Nf3 d5 2. e3 c5 3. c4 d4 4. exd4 cxd4 5. d3 Nc6 6. g3 e5 7. Bg2 Bd6 8. O-O
Nge7 9. Re1 O-O 10. a3 a5 11. c5 Bc7 12. Nbd2 f5 13. Nc4 Ng6 14. h4 e4 15. dxe4
f4 16. h5 Nge7 17. e5 Bg4 18. Bxf4 Nd5 19. Bd2 d3 20. Nd6 Nd4 21. Bg5 Qd7 22.
Qxd3 Nxf3+ 23. Kf1 Nxg5 24. Bxd5+ Kh8 25. f4 Ne6 26. h6 gxh6 27. b4 axb4 28.
axb4 Rxa1 29. Rxa1 Qg7 30. Bxe6 Bxe6 31. Ra7 Bxd6 32. Qxd6 Bc4+ 33. Kf2 Qg6 34.
Qxf8+ Bg8 35. Qf6+ Qxf6 36. exf6 1-0

[Event "Titled Tue 10th Jun Early"]
[Site "chess.com INT"]
[Date "2025.06.10"]
[Round "1"]
[White "Levitan, Caleb Levi"]
[Black "Naroditsky, Daniel"]
[Result "0-1"]
[WhiteTitle "FM"]
[BlackTitle "GM"]
[WhiteElo "2399"]
[BlackElo "2619"]
[WhiteFideId "14332620"]
[BlackFideId "2026961"]
[EventDate "2025.06.10"]

1. e4 c5 2. Nf3 g6 3. d4 cxd4 4. Nxd4 Bg7 5. c4 Nc6 6. Be3 Qb6 7. Nb5 Qa5+ 8.
N1c3 Nf6 9. Qd2 O-O 10. f3 d6 11. Be2 Be6 12. O-O Rfc8 13. b3 a6 14. Nd4 Nxd4
15. Bxd4 b5 16. Qe3 bxc4 17. Bb6 Qb4 18. a3 Qxb3 19. Rfb1 Ng4 20. fxg4 Qxc3 21.
Ra2 Rab8 22. Rc1 Qxe3+ 23. Bxe3 Bb2 0-1

[Event "Titled Tue 10th Jun Early"]
[Site "chess.com INT"]
[Date "2025.06.10"]
[Round "1"]
[White "Galchenko, Matvey"]
[Black "Hernandez Izquierdo, Jose A."]
[Result "1-0"]
[WhiteTitle "IM"]
[BlackTitle "IM"]
[WhiteElo "2435"]
[BlackElo "2231"]
[WhiteFideId "24175480"]
[BlackFideId "3527263"]
[EventDate "2025.06.10"]

1. f4 d5 2. Nf3 g6 3. g3 Bg7 4. Bg2 c5 5. O-O Nc6 6. d3 Nf6 7. Nc3 d4 8. Na4 Qa5
9. c4 dxc3 10. Nxc3 O-O 11. Kh1 Rd8 12. Bd2 Nd4 13. Ne5 Qc7 14. Rc1 Ng4 15. Nd5
Qd6 16. e3 Nc6 17. Nxg4 Bxg4 18. Qxg4 e6 19. Nc3 Qxd3 20. Rfd1 h5 21. Qf3 Rac8
22. Bf1 Qf5 23. e4 Qf6 24. Be3 b6 25. Ba6 Rxd1+ 26. Rxd1 Rd8 27. e5 Rxd1+ 28.
Qxd1 Qf5 29. Bd3 Qh3 30. Be4 Nd4 31. Bg2 Qf5 32. Bxd4 cxd4 33. Ne4 h4 34. Qxd4
hxg3 35. hxg3 Qh5+ 36. Kg1 Qe2 37. Qd2 Qc4 38. b3 Qa6 39. Qd8+ Kh7 40. Ng5+ Kh6
41. Nxf7+ Kh5 42. Qg5# 1-0

[Event "Titled Tue 10th Jun Early"]
[Site "chess.com INT"]
[Date "2025.06.10"]
[Round "1"]
[White "Kilic, Eray"]
[Black "Becking, Stephan"]
[Result "0-1"]
[WhiteTitle "IM"]
[BlackTitle "IM"]
[WhiteElo "2474"]
[BlackElo "2410"]
[WhiteFideId "44517173"]
[BlackFideId "4632478"]
[EventDate "2025.06.10"]

1. e4 e6 2. d4 d5 3. e5 Ne7 4. Nf3 Qd7 5. Bd3 b6 6. O-O Ba6 7. Re1 Bxd3 8. Qxd3
c5 9. dxc5 bxc5 10. c4 d4 11. Nbd2 Nbc6 12. a3 Ng6 13. Nf1 Be7 14. Ng3 O-O 15.
Rb1 a5 16. Bd2 Rab8 17. b3 Rb7 18. Qe4 Rfb8 19. h4 Rxb3 20. Rxb3 Rxb3 21. h5 Nf8
22. Qg4 f5 23. exf6 Bxf6 24. Ne4 Qe7 25. Bf4 e5 26. Nxf6+ Qxf6 27. Nxe5 Nxe5 28.
Bxe5 Qf7 29. h6 g6 30. Re4 Rb1+ 31. Kh2 Qxf2 32. Qf3 Qg1+ 33. Kg3 Rf1 34. Qe2
Rf5 35. Bf4 g5 36. Qg4 Rxf4 37. Qxg5+ Ng6 38. Rxf4 Qe3+ 39. Kg4 Qxf4+ 40. Qxf4
Nxf4 41. Kxf4 Kf7 42. Ke4 Kg6 43. Kd5 d3 44. Kxc5 d2 45. Kb5 d1=Q 46. Kxa5 Qg1
47. c5 Qxg2 48. Kb6 Qb2+ 49. Kc7 Qxa3 50. c6 Kxh6 51. Kd7 Kg5 52. c7 Qd3+ 53.
Ke8 Qc4 54. c8=Q Qxc8+ 0-1

[Event "Titled Tue 10th Jun Early"]
[Site "chess.com INT"]
[Date "2025.06.10"]
[Round "1"]
[White "Rabin, Evan"]
[Black "Ambartsumova, Karina"]
[Result "0-1"]
[BlackTitle "IM"]
[WhiteElo "1945"]
[BlackElo "2403"]
[WhiteFideId "2028670"]
[BlackFideId "4166299"]
[EventDate "2025.06.10"]

1. e4 c5 2. Nf3 a6 3. c4 Nc6 4. d4 cxd4 5. Nxd4 Nf6 6. Nc3 e5 7. Nf5 d5 8. cxd5
Bxf5 9. dxc6 Qxd1+ 10. Nxd1 Bb4+ 11. Bd2 Bxd2+ 12. Kxd2 Nxe4+ 13. Ke3 bxc6 14.
Bd3 Nd6 15. Nc3 Bxd3 16. Kxd3 O-O-O 17. Ke2 Nc4 18. Ne4 f5 19. Rhc1 Rd4 20. Ng5
Kb7 21. Nf3 Re4+ 22. Kf1 Rd8 23. Rc2 h6 24. Rac1 Na5 25. Rc5 Rd5 26. Rxd5 cxd5
27. Rc5 Nc4 28. Rxd5 Kc6 29. Rd8 Nxb2 30. Re8 Nd3 31. g3 g5 32. Re6+ Kb5 33.
Rxh6 g4 34. Ng5 Re1+ 35. Kg2 Ra1 36. Rf6 Ne1+ 0-1

[Event "Titled Tue 10th Jun Early"]
[Site "chess.com INT"]
[Date "2025.06.10"]
[Round "1"]
[White "Langheinrich, Ferenc"]
[Black "Le, Tuan Minh"]
[Result "0-1"]
[WhiteTitle "IM"]
[BlackTitle "GM"]
[WhiteElo "2346"]
[BlackElo "2598"]
[WhiteFideId "4641973"]
[BlackFideId "12401153"]
[EventDate "2025.06.10"]

1. e4 e5 2. Nf3 Nc6 3. Bb5 a6 4. Ba4 Bc5 5. O-O Nge7 6. c3 Ng6 7. d4 Ba7 8. Bg5
f6 9. Be3 O-O 10. Nbd2 Kh8 11. Re1 d6 12. h3 exd4 13. cxd4 Nce7 14. Bb3 c6 15.
Rc1 d5 16. a3 Be6 17. exd5 Nxd5 18. Ne4 Re8 19. Nc5 Bxc5 20. dxc5 Qd7 21. Nd4
Bf7 22. Bxd5 Bxd5 23. Qg4 Qxg4 24. hxg4 Ne5 25. Red1 Nxg4 26. Bf4 g5 27. Bd6 h5
28. Rd2 Kh7 29. f3 Nh6 30. Kf2 Kg6 31. b4 h4 32. Rcc2 f5 33. Re2 g4 34. Bf4 Nf7
35. a4 Ng5 36. Bxg5 Kxg5 37. Rcd2 Kf4 38. Rxe8 Rxe8 39. Ne2+ Kg5 40. f4+ Kf6 0-1

[Event "Titled Tue 10th Jun Early"]
[Site "chess.com INT"]
[Date "2025.06.10"]
[Round "1"]
[White "Khodzhamkuliev, Bahadur"]
[Black "Ahmad, Khagan"]
[Result "0-1"]
[BlackTitle "IM"]
[WhiteElo "2093"]
[BlackElo "2394"]
[WhiteFideId "24135046"]
[BlackFideId "13431552"]
[EventDate "2025.06.10"]

1. Nf3 d5 2. c4 d4 3. d3 c5 4. b4 cxb4 5. a3 bxa3 6. g3 Nc6 7. Bg2 e5 8. O-O Nf6
9. Nbd2 a5 10. Bxa3 Bxa3 11. Rxa3 O-O 12. Qa1 Re8 13. Ng5 Bf5 14. Rb1 Nb4 15.
Qb2 h6 16. Nge4 Nxe4 17. Nxe4 Bxe4 18. Bxe4 Qc7 19. Rba1 Ra7 20. Qb3 Qc5 21. Qa4
Rd8 22. Rb3 Rda8 23. Qd7 g6 24. h4 a4 25. Rxb4 Qxb4 26. Bd5 Qf8 27. h5 g5 28.
Qf5 Qg7 29. c5 a3 30. Qe4 Rb8 31. Ra2 Qf6 32. g4 Kg7 33. Bc4 b5 34. cxb6 Rxb6
35. Kg2 Rb2 36. f3 Rxa2 37. Bxa2 Rc7 38. Qd5 Rc2 39. Kf2 Qe6 40. Qxe6 fxe6 41.
Bxe6 a2 42. Bxa2 Rxa2 0-1

[Event "Titled Tue 10th Jun Early"]
[Site "chess.com INT"]
[Date "2025.06.10"]
[Round "1"]
[White "Skliarov, Viktor"]
[Black "Troltenier, Dirk"]
[Result "0-1"]
[WhiteTitle "IM"]
[BlackTitle "FM"]
[WhiteElo "2334"]
[BlackElo "2174"]
[WhiteFideId "14106736"]
[BlackFideId "4606400"]
[EventDate "2025.06.10"]

1. e4 e5 2. Nc3 Nf6 3. Bc4 Bc5 4. d3 Nc6 5. a3 d6 6. h3 Be6 7. Nd5 Bxd5 8. exd5
Ne7 9. Qf3 O-O 10. Ne2 c6 11. dxc6 bxc6 12. b4 Bb6 13. Bg5 d5 14. Bxf6 gxf6 15.
Bb3 Qd6 16. Ng3 Kh8 17. O-O Rg8 18. Kh1 Rg6 19. c4 Bd4 20. Rab1 Rag8 21. Rg1
Bxf2 22. Qxf2 Rxg3 23. Qxa7 Qe6 24. Qf2 Nf5 25. cxd5 cxd5 26. b5 Ne3 27. Rb2
Nxg2 28. Qxg2 Rxh3+ 29. Qxh3 Qxh3+ 30. Rh2 Rxg1+ 31. Kxg1 Qxd3 32. Bc2 Qxb5 33.
Bxh7 Kg7 34. Bf5 Qc5+ 35. Rf2 Qxa3 36. Kg2 e4 0-1

[Event "Titled Tue 10th Jun Early"]
[Site "chess.com INT"]
[Date "2025.06.10"]
[Round "1"]
[White "Birkisson, Bardur Orn"]
[Black "Novikova, Marharyta"]
[Result "1-0"]
[WhiteTitle "FM"]
[BlackTitle "WCM"]
[WhiteElo "2280"]
[BlackElo "1974"]
[WhiteFideId "2310597"]
[BlackFideId "14109689"]
[EventDate "2025.06.10"]

1. d4 Nf6 2. Nf3 e6 3. Bf4 d5 4. e3 Bd6 5. Nbd2 Bxf4 6. exf4 Qd6 7. g3 b6 8. c3
O-O 9. Bd3 c5 10. Qe2 a5 11. O-O Ba6 12. Bxa6 Nxa6 13. Rad1 Nc7 14. Rfe1 b5 15.
dxc5 Qxc5 16. Ne5 b4 17. Nb3 Qb6 18. Nd4 Rfd8 19. f5 Ne4 20. Qh5 g6 21. fxg6
hxg6 22. Nxg6 Kg7 23. Ne5 Nd6 24. Qg5+ Kf8 25. Qf6 Kg8 26. Ng4 Nf5 27. Nxf5 exf5
28. Qxb6 fxg4 29. Qxc7 1-0

[Event "Titled Tue 10th Jun Early"]
[Site "chess.com INT"]
[Date "2025.06.10"]
[Round "1"]
[White "Hury, Tymoteusz"]
[Black "Heimann, Alexander"]
[Result "0-1"]
[WhiteTitle "CM"]
[WhiteElo "2115"]
[BlackElo "2238"]
[WhiteFideId "21839328"]
[BlackFideId "2006073"]
[EventDate "2025.06.10"]

1. e4 c5 2. Nf3 Nc6 3. Bb5 Qc7 4. c3 a6 5. Bd3 Nf6 6. O-O d5 7. exd5 Nxd5 8. Bc2
Bg4 9. h3 Bh5 10. d4 cxd4 11. cxd4 Ndb4 12. Be4 Rd8 13. Be3 e5 14. d5 f5 15.
Bxf5 Nxd5 16. Qb3 Bxf3 17. gxf3 Be7 18. Nc3 Nxc3 19. bxc3 Na5 20. Qa4+ b5 21.
Qg4 Bf6 22. Rad1 O-O 23. Kh1 Nc4 24. Bc1 Nd6 25. Be6+ Kh8 26. Rg1 Qxc3 27. Bd5
Qc2 28. Bg5 Qf5 29. Bxf6 Qxg4 30. fxg4 Rxf6 31. Kg2 g6 32. Rge1 Rdf8 33. f3 e4
34. Bxe4 Nxe4 35. Rxe4 Rxf3 36. Rd2 R3f6 37. Re7 R8f7 38. Re8+ Kg7 39. Re3 h6
40. Ra3 Rc6 41. Re3 Rfc7 42. Rde2 Rc2 43. Kg3 Rxe2 44. Rxe2 Rc3+ 45. Kg2 Ra3 46.
Rc2 Kf6 47. Kh2 Kg5 48. Rd2 Kh4 0-1

[Event "Titled Tue 10th Jun Early"]
[Site "chess.com INT"]
[Date "2025.06.10"]
[Round "1"]
[White "Vlassov, Nikolai"]
[Black "Swara Lakshmi S Nair"]
[Result "1-0"]
[WhiteTitle "IM"]
[BlackTitle "WCM"]
[WhiteElo "2291"]
[BlackElo "2187"]
[WhiteFideId "4103360"]
[BlackFideId "25629239"]
[EventDate "2025.06.10"]

1. e4 c5 2. c3 d5 3. exd5 Qxd5 4. d4 Nf6 5. Nf3 Nc6 6. Be3 cxd4 7. cxd4 e6 8. a3
Be7 9. Nc3 Qd8 10. Qc2 O-O 11. Bd3 b6 12. Ne4 Bb7 13. Nxf6+ Bxf6 14. Bxh7+ Kh8
15. Be4 Rc8 16. Qe2 Nxd4 17. Bxd4 Bxe4 18. Qxe4 Rc4 19. Rd1 e5 20. Qd3 Rxd4 21.
Nxd4 exd4 22. O-O Qd5 23. Rfe1 g6 24. Re4 Rc8 25. Rde1 Kg7 26. h4 Rh8 27. g3 a5
28. Re8 Rh7 29. R1e4 Qc6 30. Rb8 Qc1+ 31. Kg2 Qxb2 32. Ree8 Qc3 33. Qxc3 dxc3
34. Rxb6 Rh5 35. Rc8 Rb5 36. Rxb5 1-0

[Event "Titled Tue 10th Jun Early"]
[Site "chess.com INT"]
[Date "2025.06.10"]
[Round "1"]
[White "Milare, Tyron"]
[Black "Gilfanov, Marat I"]
[Result "0-1"]
[WhiteTitle "FM"]
[BlackTitle "FM"]
[WhiteElo "2248"]
[BlackElo "2343"]
[WhiteFideId "12987018"]
[BlackFideId "34372164"]
[EventDate "2025.06.10"]

1. d4 Nf6 2. Nf3 e6 3. Bf4 c5 4. c3 Nc6 5. e3 h6 6. Bd3 Nh5 7. Be5 d6 8. Bg3
Nxg3 9. hxg3 d5 10. Nbd2 g6 11. dxc5 Bxc5 12. Nd4 Bd7 13. N2f3 Qf6 14. Bb5 a6
15. Nxc6 bxc6 16. Be2 e5 17. Qb3 h5 18. Qb7 Ke7 19. Qc7 Bd6 20. Qa5 Rhb8 21. b4
Rc8 22. c4 c5 23. cxd5 e4 24. O-O exf3 25. Bxf3 cxb4 26. Rac1 h4 27. Rxc8 Rxc8
28. gxh4 Qxh4 29. g3 Qc4 30. Rd1 Rh8 31. Kg2 Qc2 32. Qb6 Qf5 33. Qd4 Qh3+ 34.
Kg1 Bb5 35. Qe4+ Kf8 36. Rd3 Bxd3 37. Qxd3 Qf5 0-1

[Event "Titled Tue 10th Jun Early"]
[Site "chess.com INT"]
[Date "2025.06.10"]
[Round "1"]
[White "Jovic, Stanoje"]
[Black "Gholami Orimi, Mahdi"]
[Result "0-1"]
[WhiteTitle "FM"]
[BlackTitle "GM"]
[WhiteElo "2096"]
[BlackElo "2511"]
[WhiteFideId "905020"]
[BlackFideId "12558486"]
[EventDate "2025.06.10"]

1. c4 e5 2. g3 g6 3. d4 exd4 4. Qxd4 Qf6 5. Nf3 Nc6 6. Qd3 Bg7 7. Nc3 Nge7 8.
Bh3 Ne5 9. Nxe5 Qxe5 10. O-O d6 11. Bf4 Qa5 12. Bxc8 Rxc8 13. Qe3 Qc5 14. Qxc5
dxc5 15. Rad1 Bxc3 16. bxc3 f6 17. Rd3 g5 18. Be3 b6 19. Rfd1 O-O 20. Rd7 Nc6
21. f4 g4 22. f5 Ne5 23. Re7 Rfe8 24. Rxe8+ Rxe8 25. Bf4 Nxc4 26. Bxc7 Rxe2 27.
Rd8+ Kf7 28. Rd7+ Re7 29. Rxe7+ Kxe7 30. Kf2 b5 31. Ke2 a5 32. Kd3 a4 33. Ke4 b4
34. cxb4 cxb4 35. Kd4 b3 36. axb3 a3 0-1

[Event "Titled Tue 10th Jun Early"]
[Site "chess.com INT"]
[Date "2025.06.10"]
[Round "1"]
[White "Winkels, Marcel"]
[Black "Andreev, Konstantin"]
[Result "0-1"]
[WhiteTitle "CM"]
[BlackTitle "FM"]
[WhiteElo "1905"]
[BlackElo "2208"]
[WhiteFideId "1003887"]
[BlackFideId "24239305"]
[EventDate "2025.06.10"]

1. e4 c5 2. Nf3 e6 3. d4 cxd4 4. Nxd4 Nc6 5. Nc3 Qc7 6. a3 a6 7. Be3 Nf6 8. Be2
b5 9. Nxc6 dxc6 10. Bf3 Bb7 11. O-O e5 12. Bg5 Be7 13. Qe2 O-O 14. Rad1 a5 15.
Rd2 b4 16. Nb1 Ba6 17. Rd3 Bxd3 18. cxd3 h6 19. Bh4 Rfd8 20. Bg3 Nd7 21. d4 Rab8
22. Nd2 bxa3 23. bxa3 Bxa3 24. Nc4 Bb4 25. dxe5 Qb7 26. e6 fxe6 27. Bxb8 Rxb8
28. Qa2 Nc5 29. Nd6 Qe7 30. e5 Nd3 31. Qe2 Nxe5 32. Qxe5 Bxd6 33. Qxa5 c5 34.
Qd2 c4 35. Rd1 Bb4 36. Qd4 c3 37. Bg4 e5 38. Qd5+ Kh8 39. Be2 e4 40. Qd4 Rc8 41.
Bc4 c2 42. Rc1 Rd8 43. Qa1 Bc3 0-1

[Event "Titled Tue 10th Jun Early"]
[Site "chess.com INT"]
[Date "2025.06.10"]
[Round "1"]
[White "Azizoglu, Ferzan"]
[Black "Sapocinic, Semion"]
[Result "0-1"]
[BlackTitle "FM"]
[WhiteElo "2055"]
[BlackElo "2296"]
[WhiteFideId "6302726"]
[BlackFideId "13908693"]
[EventDate "2025.06.10"]

1. d4 Nf6 2. c4 e6 3. Nc3 Bb4 4. f3 O-O 5. a3 Bxc3+ 6. bxc3 Nc6 7. e3 d6 8. Bd3
e5 9. Qc2 b6 10. Ne2 Ba6 11. O-O Qe7 12. Ng3 Na5 13. e4 c5 14. Bg5 exd4 15. Nf5
Qe6 16. Qf2 Nd7 17. cxd4 cxd4 18. f4 f6 19. Bh6 gxh6 20. Qg3+ Kf7 21. Qg7+ Ke8
22. Qxh7 Kd8 23. Nxd4 Qf7 24. Qxh6 Nc5 25. Bc2 Bxc4 26. Rfe1 Kc7 27. Qh4 Rh8 28.
Qf2 Rag8 29. Nf5 Qh7 30. g3 Nab7 31. Rad1 Be6 32. Nd4 Bd7 33. Bb1 Qh3 34. Ba2
Re8 35. Bd5 a6 36. Rc1 Kb8 37. Rcd1 Bg4 38. Ra1 Nd3 39. Qd2 Nxe1 0-1

[Event "Titled Tue 10th Jun Early"]
[Site "chess.com INT"]
[Date "2025.06.10"]
[Round "1"]
[White "Kozlov, Oleg"]
[Black "Toroptseva, Yevheniia"]
[Result "1-0"]
[WhiteTitle "IM"]
[BlackTitle "WFM"]
[WhiteElo "2253"]
[BlackElo "2104"]
[WhiteFideId "4104544"]
[BlackFideId "34109374"]
[EventDate "2025.06.10"]

1. d4 d5 2. Bf4 Nf6 3. e3 e6 4. c3 Bd6 5. Bg3 O-O 6. Nd2 c5 7. Ngf3 b6 8. Bd3
Bb7 9. O-O Nc6 10. Bxd6 Qxd6 11. dxc5 bxc5 12. e4 Rfd8 13. Qe2 e5 14. exd5 Nxd5
15. Nc4 Nf4 16. Nxd6 Nxe2+ 17. Bxe2 Rxd6 18. Rad1 Rad8 19. Rxd6 Rxd6 20. Rd1
Rxd1+ 21. Bxd1 f6 22. Nd2 Nb8 23. Nb3 Nd7 24. Bg4 Nb6 25. Nxc5 Bd5 26. b3 Kf7
27. c4 Bc6 28. h4 g6 29. g3 f5 30. Be2 Ke7 31. f4 Kd6 32. Nd3 Nd7 33. Kf2 e4 34.
Ne1 a5 35. Ke3 Kc5 36. Nc2 Nf6 37. a3 Be8 38. b4+ Kb6 39. Kd4 axb4 40. axb4 Nd7
41. c5+ Kc7 42. b5 Nf8 43. Bc4 Nd7 44. b6+ Kb8 45. Nb4 Nf6 46. c6 Bxc6 47. Nxc6+
Kb7 48. Ne7 Kxb6 49. Nd5+ Nxd5 50. Bxd5 1-0

[Event "Titled Tue 10th Jun Early"]
[Site "chess.com INT"]
[Date "2025.06.10"]
[Round "1"]
[White "Cherepov, Alexej"]
[Black "Molina, Roberto Junio Brito"]
[Result "0-1"]
[WhiteTitle "CM"]
[BlackTitle "IM"]
[WhiteElo "2083"]
[BlackElo "2381"]
[WhiteFideId "13503650"]
[BlackFideId "2109450"]
[EventDate "2025.06.10"]

1. d4 d5 2. c4 c6 3. Nc3 Nf6 4. e3 a6 5. Nf3 Bf5 6. cxd5 cxd5 7. Qb3 Ra7 8. Bd2
h6 9. Rc1 e6 10. Be2 Nbd7 11. O-O Bd6 12. Na4 O-O 13. Bb4 Qe7 14. Bxd6 Qxd6 15.
Qa3 Qxa3 16. bxa3 b5 17. Nc5 Nb6 18. Ne5 Rc8 19. a4 Nc4 20. Bd3 Bxd3 21. Nexd3
Ne8 22. Rfd1 Ned6 23. Kf1 a5 24. axb5 Nxb5 25. Ke2 Rac7 26. f3 g5 27. Na4 Kg7
28. Ndc5 Rc6 29. Nc3 Rb6 30. N5a4 Nxc3+ 31. Rxc3 Rb4 32. Nc5 Rb2+ 33. Kf1 Rxa2
34. h3 a4 35. Kg1 a3 36. Rb1 Rb2 37. Rxb2 axb2 38. Rb3 Ra8 0-1

[Event "Titled Tue 10th Jun Early"]
[Site "chess.com INT"]
[Date "2025.06.10"]
[Round "1"]
[White "Suleymanli, Suleyman"]
[Black "Kawka, Milena"]
[Result "1-0"]
[WhiteTitle "FM"]
[BlackTitle "WCM"]
[WhiteElo "2308"]
[BlackElo "2003"]
[WhiteFideId "13416375"]
[BlackFideId "21095167"]
[EventDate "2025.06.10"]

1. d4 Nf6 2. Nf3 e6 3. g3 b5 4. Bg2 Bb7 5. O-O c5 6. Na3 b4 7. Nc4 cxd4 8. Qxd4
Nc6 9. Nd6+ Bxd6 10. Qxd6 Qe7 11. Bf4 Ne4 12. Qd3 d5 13. Nd4 Nxd4 14. Qxd4 f5
15. a3 bxa3 16. Rxa3 a6 17. f3 Nf6 18. Qb6 Qd7 19. Qd6 Qxd6 20. Bxd6 Kd7 21. Be5
Rhc8 22. c3 Bc6 23. Rd1 Bb5 24. e4 fxe4 25. fxe4 Bc4 26. Bxf6 gxf6 27. exd5 e5
28. Bh3+ Kd6 29. Bxc8 Rxc8 30. b3 Be2 31. Rd2 Bf3 32. Rxa6+ Ke7 33. c4 1-0

[Event "Titled Tue 10th Jun Early"]
[Site "chess.com INT"]
[Date "2025.06.10"]
[Round "1"]
[White "Brancaleoni, Maurizio"]
[Black "Kornev, Alexei"]
[Result "1-0"]
[WhiteTitle "FM"]
[BlackTitle "GM"]
[WhiteElo "2185"]
[BlackElo "2500"]
[WhiteFideId "803022"]
[BlackFideId "4120949"]
[EventDate "2025.06.10"]

1. Nf3 d5 2. d4 Nf6 3. c4 e6 4. g3 dxc4 5. Bg2 c6 6. O-O Nbd7 7. a4 a5 8. Nbd2
b5 9. Qc2 Nd5 10. e4 Nb4 11. Qc3 Be7 12. b3 cxb3 13. Nxb3 O-O 14. Be3 Bb7 15.
Rfd1 Qc8 16. Nc5 Nxc5 17. dxc5 Bf6 18. e5 Be7 19. Rd6 Nd5 20. Qd2 b4 21. Nd4
Bxd6 22. exd6 e5 23. Nxc6 Qxc6 24. Rd1 Qxa4 25. Bxd5 Bxd5 26. Qxd5 b3 27. c6 b2
28. c7 Qc2 29. Kg2 a4 30. Bc5 b1=Q 31. Rxb1 Qxb1 32. d7 Rfe8 33. d8=Q Qb5 34.
Q5xa8 1-0